Zlato pre Zaorala Na ME strelcov

Bibliographic Details
Main Author: (sč) (Author)
Format: Article
Language:Slovak
Subjects:

MARC

LEADER 00000nab a2200000 a 4500
001 vtls000161793
003 SK-MaSNL
005 20260304232137.0
008 240102c1983 xo 0 slo
015 |a SNBRB19rr/mm-uuuuu 
035 |a CL0171904 
040 |a SNKBUCL  |b slo  |c SNKBUCL  |e AACR2 
041 0 |a slo 
044 |a xo  |c SK 
080 |a 799.3.093.1(4)  |2 1981 
100 1 |a (sč)  |4 aut  |9 853714 
245 1 0 |a Zlato pre Zaorala  |b Na ME strelcov  |c (sč) 
650 0 7 |a športová streľba  |2 snkbucl  |9 29098 
655 7 |a články z novín a časopisov  |2 snkbucl  |9 267496 
773 0 |t Šport  |g Roč. 37, č. 210 (6. 9. 1983), s. 2 
850 |a Slovenská národná knižnica v Martine  |a MTA001 
852 |a SNK  |b KIS3GCP 
958 |a RK 
958 |a RO 
992 |a RBX 
999 |c 3192259  |d 3194189